000 00330nam a2200133Ia 4500
005 20251222141825.0
008 251222s9999||||xx |||||||||||||| ||spa||
082 _a930.109.8/V66
100 _aVillar Córdova, Pedro E.
245 0 _aArqueología del Departamento de Lima
250 _a1ra.ed.
264 _bAcuspana
942 _cLIB
999 _c6946
_d6946